Skip to main content
Your cart is empty.
Your lists
Log in to create your own lists
Your cookies
العربية
English
العربية
Home
Search
Advanced search
Authority search
About
The noble scholar, jurist, historian
His Excellency Dr. Abdul Wahhab bin Ibrahim Abu Sulaiman, may Allah have mercy on him.
He was born in Umm Al-Qura in the year 1356 AH.
Library catalog
Title
Author
Subject
ISBN
ISSN
Series
Call number
Log in to your account
×
Login:
Password:
Home
MARC view: المقاصد الشافية في شرح الخلاصة الكافية :
Normal view
MARC view
ISBD view
المقاصد الشافية في شرح الخلاصة الكافية : (Record no. 168)
[
view plain
]
MARC details
000 -LEADER
fixed length control field
01691caa a2200337 ib4500
003 - CONTROL NUMBER IDENTIFIER
control field
SA-RiAUC
005 - DATE AND TIME OF LATEST TRANSACTION
control field
20240911145045.0
008 - FIXED-LENGTH DATA ELEMENTS--GENERAL INFORMATION
fixed length control field
240909n19uu ||| g b 000r0 ara c
040 ## - CATALOGING SOURCE
Original cataloging agency
SA-MaMIU
Language of cataloging
ara
Transcribing agency
SA-RiAUC
Description conventions
rda
082 04 - DEWEY DECIMAL CLASSIFICATION NUMBER
Classification number
415.1
090 ## - LOCALLY ASSIGNED LC-TYPE CALL NUMBER (OCLC); LOCAL CALL NUMBER (RLIN)
Classification number (OCLC) (R) ; Classification number, CALL (RLIN) (NR)
415.1
Local cutter number (OCLC) ; Book number/undivided call number, CALL (RLIN)
ش ا ط
100 1# - MAIN ENTRY--PERSONAL NAME
Personal name
الشاطبي، إبراهيم بن موسى بن محمد،
Dates associated with a name
توفي 790 هجري
Relator term
مؤلف.
245 12 - TITLE STATEMENT
Title
المقاصد الشافية في شرح الخلاصة الكافية :
Remainder of title
شرح ألفية بن مالك /
Statement of responsibility, etc.
أبو إسحاق إبراهيم بن موسى الشاطبي ؛ تحقيق عياد الثبيتي.
246 30 - VARYING FORM OF TITLE
Title proper/short title
شرح ألفية بن مالك
250 ## - EDITION STATEMENT
Edition statement
الطبعة الاولى
264 ## - PRODUCTION, PUBLICATION, DISTRIBUTION, MANUFACTURE, AND COPYRIGHT NOTICE
Place of production, publication, distribution, manufacture
مكة المكرمة:
Name of producer, publisher, distributor, manufacturer
دار التراث،
Date of production, publication, distribution, manufacture, or copyright notice
1996
300 ## - PHYSICAL DESCRIPTION
Extent
مجلدات ؛
Dimensions
30 × 22 سم
336 ## - CONTENT TYPE
Content type term
نص
Content type code
txt
Source
rdacontent
Materials specified
كتاب
337 ## - MEDIA TYPE
Media type term
بدون وسيط
Media type code
n
Source
rdamedia
338 ## - CARRIER TYPE
Carrier type term
مجلد
Carrier type code
nc
Source
rdacarrier
504 ## - BIBLIOGRAPHY, ETC. NOTE
Bibliography, etc. note
ببليوجرافية : صفحة 361.
580 ## - LINKING ENTRY COMPLEXITY NOTE
Linking entry complexity note
في : المقاصد الشافية في شرح الخلاصة الكافية : شرح ألفية بن مالك. -[د. م. : د. ن.، 19--]. -ج. 2.
650 #7 - SUBJECT ADDED ENTRY--TOPICAL TERM
Topical term or geographic name entry element
اللغة العربية
General subdivision
نحو
Source of heading or term
aucsh
650 #7 - SUBJECT ADDED ENTRY--TOPICAL TERM
Topical term or geographic name entry element
اللغة العربية
General subdivision
صرف
Source of heading or term
aucsh
700 1# - ADDED ENTRY--PERSONAL NAME
Personal name
الثبيتي، عياد بن عيد بن مساعد،
Dates associated with a name
1370 هجري-
Relator term
محقق.
700 12 - ADDED ENTRY--PERSONAL NAME
Personal name
ابن مالك، محمد بن عبد الله،
Dates associated with a name
600-672 هجري.
Title of a work
ألفية ابن مالك.
740 02 - ADDED ENTRY--UNCONTROLLED RELATED/ANALYTICAL TITLE
Uncontrolled related/analytical title
ألفية ابن مالك في النحو والصرف.
942 ## - ADDED ENTRY ELEMENTS (KOHA)
Source of classification or shelving scheme
Dewey Decimal Classification
Koha item type
Books
949 ## - LOCAL PROCESSING INFORMATION (OCLC)
a
SA-JeALM
d
240909
u
mohamedma123
n
1
Holdings
Withdrawn status
Lost status
Source of classification or shelving scheme
Materials specified (bound volume or other part)
Damaged status
Not for loan
Home library
Current library
Date acquired
Total checkouts
Full call number
Barcode
Date last seen
Price effective from
Koha item type
Dewey Decimal Classification
الجزء الاول
DR AbdElwahab Library
DR AbdElwahab Library
09/11/2024
415.1 ش ا ط
000000217
09/11/2024
09/11/2024
Books
Dewey Decimal Classification
الجزء الثاني
DR AbdElwahab Library
DR AbdElwahab Library
09/11/2024
415.1 ش ا ط
000000218
09/11/2024
09/11/2024
Books
Place hold
Print
Add to your cart
(remove)
Save record
BIBTEX
Dublin Core
MARCXML
MARC (non-Unicode/MARC-8)
MARC (Unicode/UTF-8)
MARC (Unicode/UTF-8, Standard)
MODS (XML)
RIS
ISBD
More searches
Search for this title in:
Other Libraries (WorldCat)
Other Databases (Google Scholar)
Online Stores (Bookfinder.com)
Open Library (openlibrary.org)
Exporting to Dublin Core...
×
Simple DC-RDF
OAI-DC
SRW-DC